000 00428nam a2200181Ia 4500
001 21257
005 20260306172906.0
008 260306t2018||||xx |||||||||||||| ||spa||
041 _aESP
082 _a344.51
_bC25
100 _aCanestrari, Stefano
_eAUT
245 0 _aPrincipios de bioderecho penal
260 _c2018
300 _a134 páginas :
_c20 cm.
650 _aGEN
654 _aCDE
942 _cLIB
_dJUS
_fJUS
_2ddc
_n
999 _c21257
_d21257